| 000 | 00731 a2200253 4500 | ||
|---|---|---|---|
| 005 | 20260121105536.0 | ||
| 008 | 260119b |||||||| |||| 00| 0 eng d | ||
| 020 |
_a9781119611219 _c$ 140.00 |
||
| 040 | _aMAIN | ||
| 082 |
_a333.95416 _bP183W |
||
| 100 | _aPalmer, Clare | ||
| 245 | _aWildlife ethics: The ethics of wildlife management and conservation | ||
| 260 |
_bWiley Blackwell _c2023 _aHoboken |
||
| 300 | _ax, 288 | ||
| 440 | _aThe universities federation for animal welfare | ||
| 650 | _aWild Management | ||
| 650 | _aWildlife Classification | ||
| 650 | _aEcosystems | ||
| 700 | _aFischer, Bob | ||
| 700 | _aGamborg, Christian | ||
| 700 | _aHampton, Jordan | ||
| 700 | _aSandoe, Peter | ||
| 942 | _cBK | ||
| 999 |
_c395037 _d395037 |
||